Speaking about writing : (Record no. 15315)

000 -LEADER
fixed length control field 00679cam a2200205 a 4500
020 ## - INTERNATIONAL STANDARD BOOK NUMBER
ISBN 0803952317 (cl)
020 ## - INTERNATIONAL STANDARD BOOK NUMBER
ISBN 0803952325 (pb)
040 ## - CATALOGING SOURCE
Transcribing agency DLC
082 00 - DEWEY DECIMAL CLASSIFICATION NUMBER
Classification number 302 SAG 1994 A075 Or.
245 00 - TITLE STATEMENT
Title Speaking about writing :
Remainder of title reflections on research methodology /
260 ## - PUBLICATION, DISTRIBUTION, ETC. (IMPRINT)
Place of publication Thousand Oaks, Calif. :
Name of publisher Sage Publications,
Year of publication c1994.
300 ## - PHYSICAL DESCRIPTION
Number of Pages xix, 307 p. :
Other physical details ill. ;
Dimensions 23 cm.
650 #0 - SUBJECT ADDED ENTRY--TOPICAL TERM
Topical Term Rhetoric.
650 #0 - SUBJECT ADDED ENTRY--TOPICAL TERM
Topical Term Written communication.
650 #0 - SUBJECT ADDED ENTRY--TOPICAL TERM
Topical Term Report writing.
700 1# - ADDED ENTRY--PERSONAL NAME
Personal name Smagorinsky, Peter.
856 42 - ELECTRONIC LOCATION AND ACCESS
Uniform Resource Identifier http://www.loc.gov/catdir/enhancements/fy0655/94003895-d.html
856 41 - ELECTRONIC LOCATION AND ACCESS
Uniform Resource Identifier http://www.loc.gov/catdir/enhancements/fy0655/94003895-t.html
942 ## - ADDED ENTRY ELEMENTS (KOHA)
Koha item type សៀវភៅភាសាអង់គ្លេស
952 ## - LOCATION AND ITEM INFORMATION (KOHA)
Withdrawn status [LOCAL, KOHA] 0
Holdings
Permanent Location Date acquired Koha item type Lost status Shelving location Barcode Current Location Full call number
Library Block A2017-11-15សៀវភៅភាសាអង់គ្លេស A075A06291Library Block A302 SAG 1994 A075 Or.
មជ្ឈមណ្ឌលឯការនៃសាកលវិទ្យាល័យភូមិន្ទកសិកម្មចំការដូង

Powered by Koha